| 000 | 00711cam a2200193 4500 | ||
|---|---|---|---|
| 001 | WB3828-07 | ||
| 008 | 020730n2002 000 0 eng u | ||
| 035 | _a(Sirsi) u119095 | ||
| 245 | _aConstruction deaths down 25% | ||
| 260 | _c2002 | ||
| 490 |
_aHSE News Release _v(CO32:02) 25 July 2002, (3) |
||
| 520 | _aHSE announced construction deaths stood at 79 at end of March 2002, a 25% decrease on 105 last year. HSE warns that recent inspections have highlighted problems in almost half the sites, however. www.hse.gov.uk/press/2002/c0203.htm | ||
| 590 | _aWB | ||
| 650 | _aBUILT ENVIRONMENT | ||
| 650 | _aACCIDENTS AT WORK | ||
| 650 | _aINSPECTIONS | ||
| 690 |
_aHealth and safety _96244 |
||
| 942 | _n0 | ||
| 999 |
_c70841 _d70841 |
||